000 00304nam a2200121Ia 4500
008 240731s9999 xx 000 0 und d
022 _a1744-9863
245 0 _aJournal of Postcolonial Writing
260 _bRoutledge
856 _uhttps://www.tandfonline.com/loi/rjpw20
942 _2ddc
942 _cTFEJ
999 _c78078
_d78078
945 _a1
_bMadushi Gamage
_c1
_dMadushi Gamage